Score 0/73 Timer 11:00
0 Plays Today
Year Movie Name % Correct
1942Casablanca
90%
1941The Maltese Falcon
74.5%
1951The African Queen
70.7%
1946The Big Sleep
58.5%
1948The Treasure of the Sierra Madre
55.7%
1948Key Largo
50.5%
1954The Caine Mutiny
49.6%
1944To Have and Have Not
48.1%
1954Sabrina
45.8%
1936The Petrified Forest
36.7%
1941High Sierra
35.9%
1938Angels with Dirty Faces
32%
1947Dark Passage
30.2%
1956The Harder They Fall
29%
1943Sahara
28.1%
1950In a Lonely Place
26.7%
1955We're No Angels
25.6%
1939The Roaring Twenties
24.8%
1940They Drive by Night
24.2%
1939Dark Victory
23.1%
1954The Barefoot Contessa
23%
1942Across the Pacific
23%
1937Dead End
22.3%
1955The Desperate Hours
22.3%
1953Beat the Devil
22.2%
1944Passage to Marseille
21.7%
1939The Oklahoma Kid
19.8%
1947The Two Mrs. Carrolls
19.7%
1943Action in the North Atlantic
19.1%
1949Tokyo Joe
18.8%
1939The Return of Doctor X
18.5%
1930Up the River
18.1%
1937Kid Galahad
17.9%
1955The Left Hand of God
17.4%
1941All Through the Night
17.3%
1947Dead Reckoning
17.1%
1951Sirocco
16.6%
Year Movie Name % Correct
1952Deadline - U.S.A.
16.5%
1951The Enforcer
16.2%
1938The Amazing Dr. Clitterhouse
16.2%
1949Knock on Any Door
15.5%
1936Bullets or Ballots
15.2%
1937San Quentin
14.3%
1953Battle Circus
13.9%
1940Virginia City
13.9%
1945Conflict
13.8%
1940Brother Orchid
13.7%
1932Three on a Match
13.5%
1937Marked Woman
13.5%
1937Black Legion
13.1%
1941The Wagons Roll at Night
13%
1939Invisible Stripes
11.4%
1942The Big Shot
11.3%
1950Chain Lightning
11.3%
1932Love Affair
11.2%
1934Midnight
11.1%
1931The Bad Sister
10.7%
1939King of the Underworld
10.6%
1938Crime School
10.5%
1939You Can't Get Away with Murder
10.3%
1930A Devil with Women
10.1%
1936China Clipper
10%
1940It All Came True
9.9%
1938Swing Your Lady
9.8%
1931Body and Soul
9.7%
1936Isle of Fury
9.5%
1937Stand-In
9.3%
1938Racket Busters
9.2%
1932Big City Blues
9.2%
1937The Great O'Malley
9.2%
1931A Holy Terror
8.3%
1936Two Against the World
8%
1938Men Are Such Fools
7.9%
Remove Ads.
Support Sporcle.
Get the best of Sporcle when you Go Orange. This ad-free experience offers more features, more stats, and more fun while also helping to support Sporcle. Thank you for becoming a member.

You're not logged in!

Compare scores with friends on all Sporcle quizzes.
OR
Log In

Show Comments

Extras

Top Quizzes Today


Score Distribution

Your Account Isn't Verified!

In order to create a playlist on Sporcle, you need to verify the email address you used during registration. Go to your Sporcle Settings to finish the process.

Report this User

Report this user for behavior that violates our Community Guidelines.

Details: